|
|
|
|
| LEADER |
00000cam a2200000 i 4500 |
| 001 |
1/24390 |
| 008 |
011129s2001 gre d |
| 020 |
|
|
|a 960-8132-29-0
|
| 035 |
|
|
|l 10067859
|
| 040 |
|
|
|a GR-MY-UA
|b gre
|e aacr
|
| 041 |
0 |
|
|a gre
|
| 082 |
0 |
|
|a 342
|
| 100 |
1 |
|
|a Αλιβιζάτος, Νίκος Κ.
|
| 245 |
1 |
2 |
|a Ο αβέβαιος εκσυγχρονισμός :
|b και η θολή συνταγματική αναθεώρηση
|
| 250 |
|
|
|a 2η έκδ.
|
| 260 |
|
|
|a Αθήνα :
|b Πόλις,
|c c2001
|
| 300 |
|
|
|a 327 σ.;
|c 21 εκ.
|
| 650 |
0 |
0 |
|a Constitutional history.
|
| 650 |
0 |
0 |
|a Constitutional law.
|
| 852 |
|
|
|a INST
|b LESVOS
|e 20011129
|h 342 ΑΛΙ
|p 005100028551
|q 005100028551
|t BK
|y 0
|
| 901 |
|
|
|a BIBL1-2001-3
|
| 909 |
|
|
|a Λ
|b 099474
|
| 970 |
|
|
|a Μουστάκα
|b Πηνελόπη
|z 2001/11/29
|